MARC

LEADER 00000nam0a2200000 4500
001 373109
005 20231101050607.0
035 |a (RuTPU)RU\TPU\retro\30535 
035 |a RU\TPU\book\224319 
090 |a 373109 
100 |a 20221215d1972 km y0rusy50 ca 
101 0 |a rus 
102 |a RU 
105 |a a z 000zy 
200 1 |a Архитектура города: эстетические проблемы композиции  |f А. В. Иконников 
210 |a Москва  |c Стройиздат  |d 1972 
215 |a 215 с.  |c ил. 
610 1 |a градостроительство 
610 1 |a градостроительные проекты 
610 1 |a города 
610 1 |a архитектура 
610 1 |a эстетика 
610 1 |a проблемы 
610 1 |a композиции 
675 |a 711  |v 3 
675 |a 72  |v 3 
700 1 |a Иконников  |b А. В.  |g Андрей Владимирович 
801 1 |a RU  |b 63413507  |c 20111215 
801 2 |a RU  |b 63413507  |c 20221215  |g RCR 
942 |c BK